| 000 | 00392cam a2200169 4500 | ||
|---|---|---|---|
| 001 | D12011 | ||
| 008 | 090401t1897 xxu||||| |||| 00| 0 eng d | ||
| 035 | _a(Sirsi) u94037 | ||
| 041 | _aeng | ||
| 100 | _aArnott, John | ||
| 245 | 4 | _aThe land tax and how to get it corrected | |
| 260 |
_bEffingham Wilson _c1897 |
||
| 350 | _a0 | ||
| 520 | _aShelf 113 | ||
| 942 | _n0 | ||
| 948 | _c04/03/1997 | ||
| 999 |
_c97884 _d97884 |
||